India and the politics of developing countries : (Record no. 123365)
[ view plain ]
| 000 -LEADER | |
|---|---|
| fixed length control field | 00760nam a22002297a 4500 |
| 005 - DATE AND TIME OF LATEST TRANSACTION | |
| control field | 20170124105924.0 |
| 010 ## - LIBRARY OF CONGRESS CONTROL NUMBER | |
| LC control number | B-127805 |
| 020 ## - INTERNATIONAL STANDARD BOOK NUMBER | |
| Terms of availability | 495.00 |
| International Standard Book Number | 780761932871 |
| 035 ## - SYSTEM CONTROL NUMBER | |
| System control number | B-127805 |
| 037 ## - SOURCE OF ACQUISITION | |
| Source of stock number/acquisition | Cen Lib/Ret |
| 040 ## - CATALOGING SOURCE | |
| Original cataloging agency | DPL |
| Language of cataloging | EN |
| 082 ## - DEWEY DECIMAL CLASSIFICATION NUMBER | |
| Classification number | 320.954 |
| Item number | IND |
| 245 ## - TITLE STATEMENT | |
| Title | India and the politics of developing countries : |
| Statement of responsibility, etc | edited by Ashutosh Varshney |
| Remainder of title | essays in memory of Myron Weiner / |
| 260 ## - PUBLICATION, DISTRIBUTION, ETC. (IMPRINT) | |
| Place of publication, distribution, etc | New Delhi |
| Name of publisher, distributor, etc | Sage Publications |
| Date of publication, distribution, etc | 2004 |
| 270 ## - ADDRESS | |
| City | New Delhi |
| Address | B-42, Panchsheel Enclave |
| Postal code | 110017 |
| 300 ## - PHYSICAL DESCRIPTION | |
| Extent | v,271p. |
| Dimensions | 23cm(Hb) |
| 500 ## - GENERAL NOTE | |
| General note | Includes index |
| 650 ## - SUBJECT ADDED ENTRY--TOPICAL TERM | |
| Topical term or geographic name as entry element | Political Science -- India |
| 9 (RLIN) | 72116 |
| 650 ## - SUBJECT ADDED ENTRY--TOPICAL TERM | |
| Topical term or geographic name as entry element | Democratization -- India |
| 9 (RLIN) | 5630 |
| 700 ## - ADDED ENTRY--PERSONAL NAME | |
| Personal name | Varshney, Ashutosh |
| 9 (RLIN) | 72117 |
| 942 ## - ADDED ENTRY ELEMENTS (KOHA) | |
| Source of classification or shelving scheme | Dewey Decimal Classification |
| Koha item type | English Books |
| Classification part | 320.954 |
| Call number suffix | IND |
| Withdrawn status | Lost status | Damaged status | Not for loan | Home library | Current library | Date acquired | Source of acquisition | Cost, normal purchase price | Total Checkouts | Full call number | Barcode | Date last seen | Date checked out | Copy number | Cost, replacement price | Price effective from | Koha item type |
|---|---|---|---|---|---|---|---|---|---|---|---|---|---|---|---|---|---|
| Central Library | Central Library | 05/06/2015 | Cen Lib/Ret | 495.00 | 2 | 320.954 IND | B-127805 | 20/07/2022 | 28/06/2022 | 1 | 495.00 | 05/06/2015 | English Books |
